Tax policy for emerging markets developing countries

Guardado en:
Detalles Bibliográficos
Autor principal: Tanzi, Vito
Otros Autores: Zee, Howell H.
Formato: Libro
Lenguaje:inglés
Publicado: Washington International Monetary Fund 2000
Colección:IMF Working Paper WP/00/35
Materias:
Etiquetas: Agregar Etiqueta
Sin Etiquetas, Sea el primero en etiquetar este registro!

MARC

LEADER 00000nam a2200000 4500
001 c124154
005 20221221083733.5
041 0 |a eng 
044 |a US 
245 1 0 |a Tax policy for emerging markets  |b developing countries  |c Vito Tanzi and Howell H. Zee 
264 1 |a Washington  |b International Monetary Fund  |c 2000 
300 |a 34 s. 
490 1 |a IMF Working Paper  |v WP/00/35 
830 0 |a IMF Working Paper  |v WP/00/35 
610 2 0 |a dane 
610 2 0 |a politika daňová 
610 2 0 |a krajiny rozvojové 
610 2 0 |a reformy daňové 
100 1 |a Tanzi, Vito 
700 1 |a Zee, Howell H.